[Event "Saaremaa Cup"]
[Site "Saaremaa"]
[Date "2001.??.??"]
[Round "?"]
[White "Kilumets, Rain"]
[Black "Kallas, Martin"]
[Result "1/2-1/2"]
[WhiteElo "2050"]
[BlackElo "1963"]
[PlyCount "22"]
[EventDate "2001.??.??"]
[EventType "swiss"]
[EventRounds "5"]
[EventCountry "EST"]
[SourceTitle "EXT 2018"]
[Source "ChessBase"]
[SourceDate "2017.10.13"]
[SourceVersion "1"]
[SourceVersionDate "2017.10.13"]
[SourceQuality "1"]

1. d4 Nf6 2. g3 d5 3. Bg2 e6 4. Nf3 c5 5. c3 Nc6 6. 0-0 cxd4 7. cxd4 Bd6 8. Nc3 a6 9. Bg5 h6 10. Bxf6 Qxf6 11. e4 Bb4 1/2-1/2